| 000 | 00494nam a2200157 i 4500 | ||
|---|---|---|---|
| 001 | 56608 | ||
| 003 | ES-MaACL | ||
| 007 | t| | ||
| 008 | 031010s1965 mx ||||1| spa d | ||
| 100 | 1 |
_aDimock, Marshall E. _944829 |
|
| 245 | 1 | 0 |
_aPrincipios y normas de administración / _cMarshall E. Dimock ; [versión española R.F. Arzac]. |
| 260 |
_aMéxico : _bLibreros Mexicanos Unidos, _c1965. |
||
| 300 |
_a309 p. ; _c19 cm. |
||
| 700 | 1 |
_aArzac, R. F. _923523 |
|
| 852 |
_aES-MaACL _jE-2520 _bR.58300 |
||
| 999 |
_c56608 _d56608 |
||